书目信息 |
| 题名: |
解密心肝肺
|
|
| 作者: | 翟双庆 , 黄玉燕 编著 | |
| 分册: | ||
| 出版信息: | 北京 中国盲文出版社 2014.01 |
|
| 页数: | 164页 | |
| 开本: | 26cm | |
| 丛书名: | 《黄帝内经》科普丛书 | |
| 单 册: | ||
| 中图分类: | R221 , R256 | |
| 科图分类: | ||
| 主题词: | ||
| 电子资源: | ||
| ISBN: | 978-7-5002-4528-5 | |
| 000 | 01215oam2 2200325 450 | |
| 001 | 0102100418 | |
| 005 | 20210402100820.0 | |
| 010 | @a978-7-5002-4528-5@dCNY21.00 | |
| 100 | @a20140727d2014 em y0chiy0110 ea | |
| 101 | 0 | @achi |
| 102 | @aCN@b110000 | |
| 105 | @ay z 000yy | |
| 106 | @ar | |
| 200 | 1 | @a解密心肝肺@Ajie mi xin gan fei@e《皇帝内经》五脏探幽@f翟双庆, 黄玉燕编著 |
| 210 | @a北京@c中国盲文出版社@d2014.01 | |
| 215 | @a164页@d26cm | |
| 225 | 0 | @a《黄帝内经》科普丛书 |
| 300 | @a国家彩票公益金资助大字版 | |
| 330 | @a本书为中华中医药学会内经分会隆重推出的“《黄帝内经》科普丛书”之一,作者为北京中医药大学博士研究生导师翟双庆教授等。书稿分为:“主宰人体的君王——心”“威武勇猛的将军——肝”“辅佐君主的良臣——肺”等章节,从中医的角度,系统全面地介绍了五脏之心肝肺三脏的生理特性和功能特点。 | |
| 461 | 0 | @12001 @a《黄帝内经》科普丛书 |
| 517 | 1 | @a《皇帝内经》五脏探幽@A《huang di nei jing》wu zhang tan you |
| 605 | @a内经@x心病 | |
| 605 | @a内经@x肝病 | |
| 605 | @a内经@x肺病 | |
| 690 | @aR221@v5 | |
| 690 | @aR256@v5 | |
| 701 | 0 | @a翟双庆@Adi shuang qing@4编著 |
| 701 | 0 | @a黄玉燕@Ahuang yu yan@4编著 |
| 801 | 0 | @aCN@bBJSZM@c20210402 |
| 905 | @b1275481-4@dR221@e558@f4 | |
| 解密心肝肺:《皇帝内经》五脏探幽/翟双庆, 黄玉燕编著.-北京:中国盲文出版社,2014.01 |
| 164页;26cm.-(《黄帝内经》科普丛书) |
| 国家彩票公益金资助大字版 |
| ISBN 978-7-5002-4528-5:CNY21.00 |
| 本书为中华中医药学会内经分会隆重推出的“《黄帝内经》科普丛书”之一,作者为北京中医药大学博士研究生导师翟双庆教授等。书稿分为:“主宰人体的君王——心”“威武勇猛的将军——肝”“辅佐君主的良臣——肺”等章节,从中医的角度,系统全面地介绍了五脏之心肝肺三脏的生理特性和功能特点。 |
| ● |
| 相关链接 |
|
|
|
|
正题名:解密心肝肺
索取号:R221/558
 
预约/预借
| 序号 | 登录号 | 条形码 | 馆藏地/架位号 | 状态 | 备注 |
| 1 | 1275481 | 212754811 | 第二样本阅览室/ [索取号:R221/558] | 在馆 | |
| 2 | 1275482 | 212754820 | 教育系资料室/ [索取号:R221/558] | 在馆 | |
| 3 | 1275483 | 212754839 | 教育系资料室/ [索取号:R221/558] | 在馆 | |
| 4 | 1275484 | 212754848 | 第三借阅区/ [索取号:R221/558] | 在馆 |